Los Estados Unidos : (Record no. 93810)

MARC details
000 -CABECERA
campo de control de longitud fija 00690nam a2200193 a 4500
005 - FECHA Y HORA DE LA ÚLTIMA TRANSACCIÓN
campo de control 20210223124820.0
008 - ELEMENTOS DE LONGITUD FIJA--INFORMACIÓN GENERAL
campo de control de longitud fija 030123s1977 mx r 000 0 spa d
035 ## - NÚMERO DE CONTROL DEL SISTEMA
Número de control de sistema UPN01000121585
049 ## - COLECCIÓN
Colección CG
050 #4 - SIGNATURA TOPOGRÁFICA DE LA BIBLIOTECA DEL CONGRESO
Número de clasificación HC106.5
Número de documento/Ítem S5.48
100 1# - ASIENTO PRINCIPAL--NOMBRE PERSONAL
Nombre de persona Sharkanski, Ira
245 14 - MENCIÓN DE TÍTULO
Título Los Estados Unidos :
Resto del título estudio de un país en vías de desarrollo /
Mención de responsabilidad, etc. Ira Sharkanski ; tr. Luisa María Alvarez de Jaubert.
260 ## - PUBLICACIÓN, DISTRIBUCIÓN, ETC.
Lugar de publicación, distribución, etc. México :
Nombre del editor, distribuidor, etc. EDAMEX,
Fecha de publicación, distribución, etc. [1977].
300 ## - DESCRIPCIÓN FÍSICA
Extensión 170 p.
534 ## - NOTA SOBRE LA VERSIÓN ORIGINAL
Frase introductoria Título original:
Mención de título del original The United States : a study of a developing country
651 #4 - ASIENTO SECUNDARIO DE MATERIA - NOMBRE GEOGRAFICO
Nombre geográfico ESTADOS UNIDOS -
Subdivisión general CONDICIONES ECONOMICAS
9 (RLIN) 23002
651 #4 - ASIENTO SECUNDARIO DE MATERIA - NOMBRE GEOGRAFICO
Nombre geográfico ESTADOS UNIDOS -
Subdivisión general CONDICIONES SOCIALES
9 (RLIN) 23749
905 ## - TIPO DE MATERIAL
Tipo de material Libro
Holdings
Estado de retiro Estado de pérdida Fuente del sistema de clasificación o colocación Estado dañado No para préstamo Código de colección Localización permanente Ubicación/localización actual Ubicación en estantería Total de préstamos Clasificación Código de barras Fecha visto por última vez Número de copia Tipo de ítem Koha
    Library of Congress Classification     Colección General Bib. Gregorio Torres Quintero Bib. Gregorio Torres Quintero Planta baja   HC106.5 S5.48 8499 31/12/2020 1 Libro